Ιστορικό τοπίο και ιστορική μνήμη : το παράδειγμα της Μακρονήσου : πρακτικά επιστημονικής συνάντησης : Αίθουσα Τελετών Εθνικού Μετσόβιου Πολυτεχνείου, 6 & 7 Μαρτίου 1998
Αποθηκεύτηκε σε:
| Άλλοι συγγραφείς: | , |
|---|---|
| Μορφή: | Βιβλίο |
| Γλώσσα: | Greek |
| Δημοσίευση: |
Αθήνα :
Φιλίστωρ,
c2000.
|
| Σειρά: | Ιστορία και μνήμη ;
2 |
| Θέματα: | |
| Ετικέτες: |
Προσθήκη ετικέτας
Δεν υπάρχουν, Καταχωρήστε ετικέτα πρώτοι!
|
MARC
| LEADER | 00000cam a2200000 a 4500 | ||
|---|---|---|---|
| 001 | 1/121685 | ||
| 008 | 200703s2000####gr | ||| |||| ||gre|| | ||
| 020 | |a 9603690457 | ||
| 040 | |a GR-MyUa |b gre |c GR-MyUa |e AACR2 | ||
| 041 | 0 | |a gre | |
| 082 | 7 | |a 938.774 |2 (23) | |
| 245 | 0 | 0 | |a Ιστορικό τοπίο και ιστορική μνήμη : |b το παράδειγμα της Μακρονήσου : πρακτικά επιστημονικής συνάντησης : Αίθουσα Τελετών Εθνικού Μετσόβιου Πολυτεχνείου, 6 & 7 Μαρτίου 1998 / |c συντονισμός της έκδοσης: Στρατής Μπουρνάζος, Τάσος Σακελλαρόπουλος. |
| 260 | |a Αθήνα : |b Φιλίστωρ, |c c2000. | ||
| 300 | |a 387 σ. : |b εικ. ; |c 22 εκ. | ||
| 490 | 1 | |a (Ιστορία & μνήμη ; |v 2) | |
| 504 | |a Περιλαμβάνει βιβλιογραφικές παραπομπές. | ||
| 610 | 2 | 0 | |a Makronesos (Concentration camp) |
| 650 | 0 | |a Political prisoners |z Greece |z Makronesos. | |
| 651 | 0 | |a Makronesos (Greece) |x History. | |
| 700 | 1 | |a Μπουρνάζος, Στρατής, |e edt | |
| 700 | 1 | |a Σακελλαρόπουλος, Τάσος, |e edt | |
| 830 | 0 | |a Ιστορία και μνήμη ; |v 2 | |
| 852 | |a INST |b SYROS |e 20200702 |h 938.774 ΙΣΤ |p 005500014903 |q 005500014903 |t BK |y 0 | ||
| 920 | |a Τεχνικό Επιμελητήριο Ελλάδος |b Βιβλιοθήκη |y Σύρος |z 2019-10 | ||
| 970 | |a Κοντού |b Παρασκευή |z 03/07/2020 | ||